000 00271nam a2200109Ia 4500
008 220204s9999 xx 000 0 und d
082 _a802:801
_bKIT
100 _aKitzhaber, A R
245 0 _aSubstance and process
260 _aNew York
_bHolt Rinehart
_c1974
942 _cBK
999 _c24954
_d24954